000 01364cam a22004094i 4500
003 PE-LiUPU
005 20250731173207.0
008 1947xxs1947 xx a rb 000 0 eng d
035 _aPE-LiUPU08153
040 _aPE-LiUPU
_beng
_cPE-LiUPU
_erda
082 0 4 _a234
_bT536f
_223
100 1 _aThurber, Robert Bruce,
_eautor.
_95783
245 1 0 _aFaith for today /
_cpor Robert B. Thurber.
264 1 _aWashington, D.C. :
_bReview and Herald Publishing Association,
_c1947.
300 _a63 páginas :
_bilustraciones ;
_c19 cm
336 _atext
_2rdacontent
337 _aunmediated
_2rdamedia
338 _avolume
_2rdacarrier
505 0 _aFaith—the Victory -- This Is Faith -- The Reality of Faith -- A Reputation by Faith -- The Growth of Faith -- The Practice of Faith -- The Trust of Faith -- The Faith of Jesus -- The Triumph of Faith Now.
526 _aSEG42
526 _aSEG41
526 _aSEG40
526 _aSEG39
526 _aP94
526 _aP87
526 _aP86
526 _aP85
526 _aP77
526 _aP76
526 _aP35
650 1 4 _aFe
_xCristianismo.
_95784
650 2 4 _aVida cristiana.
_95794
700 _aThurber, R. B.
_eautor.
_qRobert Bruce
_95786
942 _2ddc
_cBK
980 _81
_gALBERTO SANCHEZ Responsable de Automatización
999 _c39042
_d39042